000 00212 a2200097 4500
001 39779
100 _aBasavarajuah
245 _aStrength of materials
260 _aNew Delhi
_bCBS
_c1991
090 _c24786
_d24786
942 _aNUST-CAE
_cM
_c16431
999 _c274852
_d274852